书目信息 |
| 题名: |
应用化学
|
|
| 作者: | 杨永社 , 张东升 主编 | |
| 分册: | ||
| 出版信息: | 北京 北京师范大学出版社 1994 |
|
| 页数: | 309 | |
| 开本: | 26cm | |
| 丛书名: | ||
| 单 册: | ||
| 中图分类: | O69 | |
| 科图分类: | ||
| 主题词: | 应用化学 , 化学--应用 | |
| 电子资源: | ||
| ISBN: | 7-303-03345-9 | |
| 000 | 00601nam0 2200205 450 | |
| 001 | 0754114953 | |
| 005 | 20070929150154.95 | |
| 010 | @a7-303-03345-9 | |
| 100 | @a20070929d km y0chiy0120 ea | |
| 101 | 0 | @achi |
| 200 | 1 | @a应用化学@Aying yong hua xue@f杨永社,张东升 主编@Fyang yong she,zhang dong sheng zhu bian |
| 210 | @a北京@c北京师范大学出版社@d1994 | |
| 215 | @a309@c插图@d26cm | |
| 606 | 0 | @a应用化学 |
| 606 | 0 | @a化学@x应用 |
| 690 | @aO69@v3 | |
| 701 | 0 | @a杨永社@Ayang yong she@4主编 |
| 701 | 0 | @a张东升@Azhang dong sheng@4主编 |
| 801 | 0 | @aCN@bPFT@c20070929 |
| 905 | @a213230@dO69@eh1@f1 | |
| 应用化学/杨永社,张东升 主编.-北京:北京师范大学出版社,1994 |
| 309:插图;26cm |
| ISBN 7-303-03345-9: |
| ● |
| 相关链接 |
|
|
|
|
正题名:应用化学
索取号:O69/h1
 
预约/预借
| 序号 | 登录号 | 条形码 | 馆藏地/架位号 | 状态 | 备注 |
| 1 | 6000490 | 260004907 | 密集书库-化学系/ [索取号:O69/h1] | 在馆 |